70 năm Quân đội nhân dân Việt Nam anh hùng
Nội dung quyển sách gồm 4 phần :Phần I: Sự ra đời của Quân đội nhân dân Việt Nam; Phần II: Quân đội nhân dân Việt Nam – quân đội anh hùng của một dân tộc anh hùng; Phần III: Quân đội nhân dân Việt Nam với nhiệm vụ quốc tế cao cả; Phần I...
Đã lưu trong:
| Định dạng: | Sách |
|---|---|
| Ngôn ngữ: | Undetermined |
| Được phát hành: |
Hà Nội
Văn hóa-Thông tin
2014
|
| Những chủ đề: | |
| Các nhãn: |
Thêm thẻ
Không có thẻ, Là người đầu tiên thẻ bản ghi này!
|
| Thư viện lưu trữ: | Trung tâm Học liệu Trường Đại học Cần Thơ |
|---|
| LEADER | 01231nam a2200217Ia 4500 | ||
|---|---|---|---|
| 001 | CTU_196842 | ||
| 008 | 210402s9999 xx 000 0 und d | ||
| 020 | |c 335000 | ||
| 082 | |a 355.009597 | ||
| 082 | |b B112 | ||
| 245 | 0 | |a 70 năm Quân đội nhân dân Việt Nam anh hùng | |
| 245 | 0 | |c Nguyễn Đức Cường, Phạm Lan Hương, Nguyễn Anh Minh ( Sưu tầm và biên soạn) | |
| 260 | |a Hà Nội | ||
| 260 | |b Văn hóa-Thông tin | ||
| 260 | |c 2014 | ||
| 520 | |a Nội dung quyển sách gồm 4 phần :Phần I: Sự ra đời của Quân đội nhân dân Việt Nam; Phần II: Quân đội nhân dân Việt Nam – quân đội anh hùng của một dân tộc anh hùng; Phần III: Quân đội nhân dân Việt Nam với nhiệm vụ quốc tế cao cả; Phần IV: Mãi mãi xứng danh Bộ đội Cụ Hồ. | ||
| 650 | |a Việt Nam,Military art and science,Vietnam,Nghệ thuật và khoa học Quân sự | ||
| 650 | |x Chính sách quân sự,Military policy | ||
| 650 | |z Vietnam,Việt Nam | ||
| 904 | |i Tuyến | ||
| 980 | |a Trung tâm Học liệu Trường Đại học Cần Thơ | ||